Score 0/12 Timer 04:00
1 Play Today
Question Answer Wrong Answers
Which was an accomplice of the Sundance Kid? Butch Cassidy
95.1%
David Cassidy
2.6%
Shaun Cassidy
2%
Which is a song from Disney's 2013 animated feature film Frozen? Let It Go
90.1%
Let It Be
6.3%
Let It Bleed
0.7%
Which is the title of a Rolling Stones Song? Miss Amanda Jones
82.7%
Miss Amanda Bynes
6%
Miss Amanda Knox
10.7%
Which is a character in William Shakespeare's play Othello? Desdemona
80.6%
Ramona
11%
Sharona
4.9%
Which was the first aircraft to drop an atomic bomb? Enola Gay
78.1%
Spirit of St. Louis
10%
Spruce Goose
8.3%
Which was a member of Monty Python? Graham Chapman
76.3%
Graham Kerr
16.8%
Graham Cracker
4.6%
Which was a member of the Three Stooges? Curly Howard
72.3%
Curly Lambeau
11%
Curly Neal
16.4%
Which was a character on the Mary Tyler Moore Show? Murray Slaughter
68.3%
Enos Slaughter
10.8%
Sgt. Slaughter
19%
Which was a member of Led Zeppelin? John Paul Jones
63.6%
John Paul Stevens
23.2%
John Paul Getty
10.6%
Which is the only athlete to win both an Olympic gold medal and a Super Bowl ring? Bob Hayes
58.5%
Rutherford B. Hayes
10.2%
George 'Gabby' Hayes
30%
Which was a French Jewish military officer and the focus of political scandal? Alfred Dreyfus
41.6%
Gérard Louis-Dreyfus
45.7%
Richard Dreyfuss
9.6%
Which was the 4th Vice President of the United States? George Clinton
37.8%
Bill Clinton
6.3%
DeWitt Clinton
53.6%
Remove Ads.
Support Sporcle.
Get the best of Sporcle when you Go Orange. This ad-free experience offers more features, more stats, and more fun while also helping to support Sporcle. Thank you for becoming a member.

You're not logged in!

Compare scores with friends on all Sporcle quizzes.
OR
Log In

Show Comments

Extras

Top Quizzes Today


Score Distribution

Your Account Isn't Verified!

In order to create a playlist on Sporcle, you need to verify the email address you used during registration. Go to your Sporcle Settings to finish the process.

Report this User

Report this user for behavior that violates our Community Guidelines.

Details: